Electrochemical technologies for energy storage and conversion. (Record no. 18542)

MARC details
000 -LEADER
fixed length control field 02241cam a2200481Ka 4500
001 - CONTROL NUMBER
control field ocn775437987
003 - CONTROL NUMBER IDENTIFIER
control field OCoLC
005 - DATE AND TIME OF LATEST TRANSACTION
control field 20230823094707.0
006 - FIXED-LENGTH DATA ELEMENTS--ADDITIONAL MATERIAL CHARACTERISTICS--GENERAL INFORMATION
fixed length control field m o d
007 - PHYSICAL DESCRIPTION FIXED FIELD--GENERAL INFORMATION
fixed length control field cr cn|||||||||
008 - FIXED-LENGTH DATA ELEMENTS--GENERAL INFORMATION
fixed length control field 120207s2012 njua o 000 0 eng d
040 ## - CATALOGING SOURCE
Original cataloging agency DG1
Language of cataloging eng
Transcribing agency DG1
Modifying agency YDXCP
-- OCLCQ
-- OCLCF
-- OCLCO
-- OCLCA
-- OCLCQ
-- DG1
020 ## - INTERNATIONAL STANDARD BOOK NUMBER
ISBN 9783527639496
Qualifying information (electronic bk.)
020 ## - INTERNATIONAL STANDARD BOOK NUMBER
ISBN 3527639497
Qualifying information (electronic bk.)
029 1# - (OCLC)
OCLC library identifier GBVCP
System control number 790035766
029 1# - (OCLC)
OCLC library identifier NZ1
System control number 14696601
029 1# - (OCLC)
OCLC library identifier NZ1
System control number 15340961
035 ## - SYSTEM CONTROL NUMBER
System control number (OCoLC)775437987
037 ## - SOURCE OF ACQUISITION
Stock number 10.1002/9783527639496
Source of stock number/acquisition Wiley InterScience
Note http://www3.interscience.wiley.com
050 #4 - LIBRARY OF CONGRESS CALL NUMBER
Classification number TK2901
Item number .E434 2012
082 04 - DEWEY DECIMAL CLASSIFICATION NUMBER
Classification number 621.3124
Edition number 22
049 ## - LOCAL HOLDINGS (OCLC)
Holding library MAIN
245 00 - TITLE STATEMENT
Title Electrochemical technologies for energy storage and conversion.
Number of part/section of a work [Volume 1 & 2] /
Statement of responsibility, etc edited by Ru-Shi Liu [and others].
260 ## - PUBLICATION, DISTRIBUTION, ETC. (IMPRINT)
Place of publication, distribution, etc Hoboken :
Name of publisher, distributor, etc John Wiley & Sons,
Date of publication, distribution, etc 2012.
300 ## - PHYSICAL DESCRIPTION
Extent 1 online resource (791 pages) :
Other physical details illustrations
336 ## -
-- text
-- txt
-- rdacontent
337 ## -
-- computer
-- c
-- rdamedia
338 ## -
-- online resource
-- cr
-- rdacarrier
520 ## - SUMMARY, ETC.
Summary, etc In this handbook and ready reference, editors and authors from academia and industry share their in-depth knowledge of known and novel materials, devices and technologies with the reader. The result is a comprehensive overview of electrochemical energy and conversion methods, including batteries, fuel cells, supercapacitors, hydrogen generation and storage as well as solar energy conversion. Each chapter addresses electrochemical processes, materials, components, degradation mechanisms, device assembly and manufacturing, while also discussing the challenges and perspectives for each energy storage device.
588 0# -
-- Publisher website.
526 ## - STUDY PROGRAM INFORMATION NOTE
Department Computer Science and Engineering
650 #0 - SUBJECT ADDED ENTRY--TOPICAL TERM
Topical term or geographic name as entry element Energy storage.
650 #0 - SUBJECT ADDED ENTRY--TOPICAL TERM
Topical term or geographic name as entry element Electrochemistry.
650 #4 - SUBJECT ADDED ENTRY--TOPICAL TERM
Topical term or geographic name as entry element Electrical engineering.
650 #4 - SUBJECT ADDED ENTRY--TOPICAL TERM
Topical term or geographic name as entry element Engineering.
650 #7 - SUBJECT ADDED ENTRY--TOPICAL TERM
Topical term or geographic name as entry element Electrochemistry.
Source of heading or term fast
-- (OCoLC)fst00906371
650 #7 - SUBJECT ADDED ENTRY--TOPICAL TERM
Topical term or geographic name as entry element Energy storage.
Source of heading or term fast
-- (OCoLC)fst00910245
655 #4 - INDEX TERM--GENRE/FORM
Genre/form data or focus term Electronic books.
700 1# - ADDED ENTRY--PERSONAL NAME
Personal name Liu, Ru-Shi.
710 2# - ADDED ENTRY--CORPORATE NAME
Corporate name or jurisdiction name as entry element Wiley InterScience (Online service)
856 40 - ELECTRONIC LOCATION AND ACCESS
Uniform Resource Identifier <a href="http://dx.doi.org/10.1002/9783527639496">http://dx.doi.org/10.1002/9783527639496</a>
Public note Wiley Online Library
994 ## -
-- 92
-- DG1

No items available.